[Event "DVM U20 2020"]
[Site "Willingen GER"]
[Date "2021.06.25"]
[Round "3"]
[White "Tiedemann, Fin Niklas"]
[Black "Dornieden, Jonas"]
[Result "0-1"]
[Termination "normal"]
[Board "5.4"]
[WhiteElo "1945"]
[BlackElo "2079"]
[WhiteClock "00:10:12"]
[BlackClock "00:11:10"]
[WhiteTeam "Lübecker SV von 1873"]
[BlackTeam "SK Lehrte von 1919 e. V."]
[PlyCount "50"]
[WhiteFideId "12936936"]
[BlackFideId "1336460"]
[EventCountry "GER"]
[EventRounds "7"]
[EventType "team-swiss"]
[EventDate "2021.06.23"]

1. e4 {[%clk 01:30:56]} {[%emt 00:00:03]} c6 {[%clk 01:30:54]} {[%emt
00:00:07]} 2. d4 {[%clk 01:31:13]} {[%emt 00:00:13]} d5 {[%clk 01:31:19]}
{[%emt 00:00:05]} 3. f3 {[%clk 01:31:28]} {[%emt 00:00:15]} dxe4 {[%clk
01:31:39]} {[%emt 00:00:10]} 4. fxe4 {[%clk 01:31:52]} {[%emt 00:00:06]} e5
{[%clk 01:31:55]} {[%emt 00:00:13]} 5. Nf3 {[%clk 01:32:17]} {[%emt 00:00:06]}
Bg4 {[%clk 01:32:09]} {[%emt 00:00:16]} 6. c3 {[%clk 01:31:33]} {[%emt
00:01:13]} Nd7 {[%clk 01:31:23]} {[%emt 00:01:16]} 7. Bc4 {[%clk 01:30:15]}
{[%emt 00:01:48]} Ngf6 {[%clk 01:28:00]} {[%emt 00:03:53]} 8. O-O {[%clk
01:27:03]} {[%emt 00:03:41]} Bd6 {[%clk 01:26:39]} {[%emt 00:01:51]} 9. Qb3
{[%clk 01:22:00]} {[%emt 00:05:33]} O-O {[%clk 01:12:56]} {[%emt 00:14:12]} 10.
Qxb7 {[%clk 01:20:49]} {[%emt 00:01:42]} exd4 {[%clk 01:10:18]} {[%emt
00:03:08]} 11. Qxc6 {[%clk 01:13:14]} {[%emt 00:08:06]} Ne5 {[%clk 01:01:03]}
{[%emt 00:09:45]} 12. Nxe5 {[%clk 01:11:36]} {[%emt 00:02:08]} Bxe5 {[%clk
01:00:17]} {[%emt 00:01:16]} 13. Bg5 {[%clk 00:56:48]} {[%emt 00:15:18]} Rc8
{[%clk 00:48:51]} {[%emt 00:11:56]} 14. Bxf6 {[%clk 00:49:18]} {[%emt
00:08:01]} gxf6 {[%clk 00:45:28]} {[%emt 00:03:52]} 15. Qa6 {[%clk 00:44:09]}
{[%emt 00:05:39]} Kh8 {[%clk 00:30:00]} {[%emt 00:15:58]} 16. Bd5 {[%clk
00:38:04]} {[%emt 00:06:35]} f5 {[%clk 00:23:03]} {[%emt 00:07:26]} 17. Qh6
{[%clk 00:35:02]} {[%emt 00:03:32]} fxe4 {[%clk 00:12:59]} {[%emt 00:10:35]}
18. Bxe4 {[%clk 00:27:23]} {[%emt 00:08:09]} f5 {[%clk 00:13:16]} {[%emt
00:00:13]} 19. Bf3 {[%clk 00:24:34]} {[%emt 00:03:19]} Rf6 {[%clk 00:13:05]}
{[%emt 00:00:40]} 20. Qg5 {[%clk 00:20:41]} {[%emt 00:04:23]} Qb6 {[%clk
00:12:47]} {[%emt 00:00:48]} 21. Kh1 {[%clk 00:17:02]} {[%emt 00:04:10]} Rg8
{[%clk 00:11:22]} {[%emt 00:01:55]} 22. Qd2 {[%clk 00:13:14]} {[%emt 00:04:18]}
Rh6 {[%clk 00:10:54]} {[%emt 00:00:57]} 23. cxd4 {[%clk 00:13:27]} {[%emt
00:00:17]} Bxh2 {[%clk 00:10:49]} {[%emt 00:00:35]} 24. g3 {[%clk 00:09:48]}
{[%emt 00:04:09]} Bxf3+ {[%clk 00:10:47]} {[%emt 00:00:32]} 25. Rxf3 {[%clk
00:10:12]} {[%emt 00:00:06]} Bxg3+ {[%clk 00:11:10]} {[%emt 00:00:07]} 0-1

[Event "DVM U20 2020"]
[Site "Willingen GER"]
[Date "2021.06.25"]
[Round "3"]
[White "Brockmeyer, Tobias"]
[Black "Glinzner, Alva"]
[Result "0-1"]
[Termination "normal"]
[Board "5.5"]
[WhiteElo "1890"]
[BlackElo "1855"]
[WhiteClock "00:01:14"]
[BlackClock "00:02:12"]
[WhiteTeam "SK Lehrte von 1919 e. V."]
[BlackTeam "Lübecker SV von 1873"]
[PlyCount "68"]
[WhiteFideId "12982385"]
[BlackFideId "16206169"]
[EventCountry "GER"]
[EventRounds "7"]
[EventType "team-swiss"]
[EventDate "2021.06.23"]

1. d4 {[%clk 01:30:59]} {[%emt 00:00:01]} d5 {[%clk 01:30:45]} {[%emt
00:00:15]} 2. c4 {[%clk 01:31:27]} {[%emt 00:00:02]} c6 {[%clk 01:31:01]}
{[%emt 00:00:14]} 3. Nc3 {[%clk 01:31:55]} {[%emt 00:00:01]} Nf6 {[%clk
01:31:18]} {[%emt 00:00:13]} 4. cxd5 {[%clk 01:32:20]} {[%emt 00:00:05]} cxd5
{[%clk 01:31:40]} {[%emt 00:00:08]} 5. f3 {[%clk 01:32:47]} {[%emt 00:00:04]}
Nc6 {[%clk 01:31:53]} {[%emt 00:00:17]} 6. e4 {[%clk 01:33:15]} {[%emt
00:00:02]} dxe4 {[%clk 01:31:45]} {[%emt 00:00:38]} 7. d5 {[%clk 01:33:44]}
{[%emt 00:00:01]} Ne5 {[%clk 01:31:48]} {[%emt 00:00:27]} 8. fxe4 {[%clk
01:34:12]} {[%emt 00:00:02]} e6 {[%clk 01:31:54]} {[%emt 00:00:24]} 9. Nf3
{[%clk 01:34:41]} {[%emt 00:00:02]} Nxf3+ {[%clk 01:31:59]} {[%emt 00:00:25]}
10. Qxf3 {[%clk 01:35:08]} {[%emt 00:00:02]} a6 {[%clk 01:31:44]} {[%emt
00:00:45]} 11. Bc4 {[%clk 01:14:48]} {[%emt 00:20:50]} Qc7 {[%clk 01:24:03]}
{[%emt 00:08:11]} 12. Bb3 {[%clk 01:10:45]} {[%emt 00:04:33]} Bb4 {[%clk
01:15:30]} {[%emt 00:09:03]} 13. Bg5 {[%clk 00:57:18]} {[%emt 00:13:56]} Qe5
{[%clk 00:58:53]} {[%emt 00:17:07]} 14. Bxf6 {[%clk 00:55:59]} {[%emt
00:01:50]} Qxf6 {[%clk 00:50:08]} {[%emt 00:09:14]} 15. Qxf6 {[%clk 00:54:29]}
{[%emt 00:02:00]} gxf6 {[%clk 00:50:32]} {[%emt 00:00:06]} 16. O-O {[%clk
00:54:20]} {[%emt 00:00:39]} Ke7 {[%clk 00:49:01]} {[%emt 00:02:00]} 17. a3
{[%clk 00:39:52]} {[%emt 00:14:58]} Bd6 {[%clk 00:45:24]} {[%emt 00:04:07]} 18.
a4 {[%clk 00:36:48]} {[%emt 00:03:34]} Bd7 {[%clk 00:31:57]} {[%emt 00:13:58]}
19. a5 {[%clk 00:32:46]} {[%emt 00:04:31]} Rag8 {[%clk 00:29:22]} {[%emt
00:03:05]} 20. Ba4 {[%clk 00:25:51]} {[%emt 00:07:25]} Bxa4 {[%clk 00:26:36]}
{[%emt 00:03:16]} 21. Nxa4 {[%clk 00:25:20]} {[%emt 00:01:01]} Rg4 {[%clk
00:26:07]} {[%emt 00:00:59]} 22. Rfe1 {[%clk 00:17:20]} {[%emt 00:08:30]} Rc8
{[%clk 00:15:58]} {[%emt 00:10:39]} 23. Nc3 {[%clk 00:13:11]} {[%emt 00:04:40]}
h5 {[%clk 00:10:00]} {[%emt 00:06:28]} 24. Ra4 {[%clk 00:06:38]} {[%emt
00:07:02]} Rc7 {[%clk 00:05:28]} {[%emt 00:05:02]} 25. Kh1 {[%clk 00:04:10]}
{[%emt 00:02:58]} Be5 {[%clk 00:04:38]} {[%emt 00:01:21]} 26. h3 {[%clk
00:02:20]} {[%emt 00:02:21]} Rg3 {[%clk 00:04:00]} {[%emt 00:01:07]} 27. Ne2
{[%clk 00:01:03]} {[%emt 00:01:47]} Rb3 {[%clk 00:03:50]} {[%emt 00:00:41]} 28.
Raa1 {[%clk 00:00:35]} {[%emt 00:00:58]} Rxb2 {[%clk 00:03:45]} {[%emt
00:00:35]} 29. Ng1 {[%clk 00:00:31]} {[%emt 00:00:34]} Rcc2 {[%clk 00:02:33]}
{[%emt 00:01:41]} 30. Nf3 {[%clk 00:01:00]} {[%emt 00:00:01]} Bd6 {[%clk
00:02:00]} {[%emt 00:01:03]} 31. Rab1 {[%clk 00:01:17]} {[%emt 00:00:13]} Rxg2
{[%clk 00:01:56]} {[%emt 00:00:35]} 32. Re3 {[%clk 00:00:34]} {[%emt 00:01:12]}
Rh2+ {[%clk 00:01:22]} {[%emt 00:01:04]} 33. Nxh2 {[%clk 00:00:56]} {[%emt
00:00:08]} Rxb1+ {[%clk 00:01:48]} {[%emt 00:00:04]} 34. Kg2 {[%clk 00:01:14]}
{[%emt 00:00:13]} Rb2+ {[%clk 00:02:12]} {[%emt 00:00:06]} 0-1

[Event "DVM U20 2020"]
[Site "Willingen GER"]
[Date "2021.06.25"]
[Round "3"]
[White "Sommer, Justus"]
[Black "Niemann, Leon"]
[Result "1-0"]
[Termination "normal"]
[Board "5.6"]
[WhiteElo "1744"]
[BlackElo "1838"]
[WhiteClock "01:02:39"]
[BlackClock "00:11:04"]
[WhiteTeam "Lübecker SV von 1873"]
[BlackTeam "SK Lehrte von 1919 e. V."]
[PlyCount "137"]
[WhiteFideId "16245008"]
[BlackFideId "16218388"]
[EventCountry "GER"]
[EventRounds "7"]
[EventType "team-swiss"]
[EventDate "2021.06.23"]

1. e4 {[%clk 01:30:51]} {[%emt 00:00:07]} c5 {[%clk 01:31:00]} 2. Nf3 {[%clk
01:31:07]} {[%emt 00:00:16]} Nc6 {[%clk 01:31:29]} {[%emt 00:00:01]} 3. c3
{[%clk 01:31:34]} {[%emt 00:00:03]} Nf6 {[%clk 01:31:51]} {[%emt 00:00:08]} 4.
e5 {[%clk 01:31:42]} {[%emt 00:00:21]} Nd5 {[%clk 01:32:20]} {[%emt 00:00:02]}
5. Bc4 {[%clk 01:31:45]} {[%emt 00:00:26]} Nb6 {[%clk 01:32:42]} {[%emt
00:00:08]} 6. Bb3 {[%clk 01:31:54]} {[%emt 00:00:21]} g6 {[%clk 01:31:54]}
{[%emt 00:01:19]} 7. O-O {[%clk 01:30:24]} {[%emt 00:01:58]} Bg7 {[%clk
01:30:32]} {[%emt 00:01:54]} 8. d4 {[%clk 01:29:08]} {[%emt 00:01:46]} cxd4
{[%clk 01:29:36]} {[%emt 00:01:27]} 9. cxd4 {[%clk 01:29:06]} {[%emt 00:00:31]}
d6 {[%clk 01:28:59]} {[%emt 00:01:07]} 10. Ng5 {[%clk 01:23:50]} {[%emt
00:05:45]} e6 {[%clk 01:20:41]} {[%emt 00:08:49]} 11. d5 {[%clk 01:20:40]}
{[%emt 00:03:39]} Nxe5 {[%clk 01:05:25]} {[%emt 00:15:46]} 12. dxe6 {[%clk
01:20:06]} {[%emt 00:01:04]} Bxe6 {[%clk 00:54:05]} {[%emt 00:11:51]} 13. Bxe6
{[%clk 01:19:18]} {[%emt 00:01:17]} fxe6 {[%clk 00:54:21]} {[%emt 00:00:14]}
14. Nxe6 {[%clk 01:19:39]} {[%emt 00:00:09]} Qe7 {[%clk 00:53:52]} {[%emt
00:00:59]} 15. Nxg7+ {[%clk 01:19:45]} {[%emt 00:00:23]} Qxg7 {[%clk 00:54:07]}
{[%emt 00:00:16]} 16. Qxd6 {[%clk 01:19:46]} {[%emt 00:00:28]} Qe7 {[%clk
00:52:35]} {[%emt 00:02:02]} 17. Qxe7+ {[%clk 01:16:54]} {[%emt 00:03:22]} Kxe7
{[%clk 00:51:02]} {[%emt 00:02:04]} 18. Re1 {[%clk 01:16:27]} {[%emt 00:00:56]}
Kf6 {[%clk 00:49:51]} {[%emt 00:01:41]} 19. Bd2 {[%clk 01:14:05]} {[%emt
00:02:52]} Rhe8 {[%clk 00:41:13]} {[%emt 00:09:09]} 20. Bc3 {[%clk 01:10:14]}
{[%emt 00:04:20]} Kf5 {[%clk 00:38:37]} {[%emt 00:03:07]} 21. Nd2 {[%clk
01:04:34]} {[%emt 00:06:10]} Nd3 {[%clk 00:33:57]} {[%emt 00:05:09]} 22. Red1
{[%clk 01:03:28]} {[%emt 00:01:35]} Nf4 {[%clk 00:25:03]} {[%emt 00:09:25]} 23.
Kf1 {[%clk 00:57:23]} {[%emt 00:06:32]} Ne2 {[%clk 00:21:56]} {[%emt 00:03:39]}
24. Ba5 {[%clk 00:55:41]} {[%emt 00:02:12]} Rac8 {[%clk 00:13:40]} {[%emt
00:08:47]} 25. Bxb6 {[%clk 00:51:24]} {[%emt 00:04:48]} axb6 {[%clk 00:14:04]}
{[%emt 00:00:06]} 26. f3 {[%clk 00:50:35]} {[%emt 00:01:17]} Rc2 {[%clk
00:11:18]} {[%emt 00:03:17]} 27. Ne4 {[%clk 00:50:45]} {[%emt 00:00:20]} Re7
{[%clk 00:10:58]} {[%emt 00:00:50]} 28. Rd2 {[%clk 00:47:59]} {[%emt 00:03:17]}
Rxd2 {[%clk 00:10:36]} {[%emt 00:00:53]} 29. Nxd2 {[%clk 00:48:22]} {[%emt
00:00:06]} Nd4 {[%clk 00:09:41]} {[%emt 00:01:25]} 30. Ne4 {[%clk 00:48:09]}
{[%emt 00:00:43]} Rc7 {[%clk 00:09:03]} {[%emt 00:01:09]} 31. Rd1 {[%clk
00:47:20]} {[%emt 00:01:18]} Ke5 {[%clk 00:08:04]} {[%emt 00:01:29]} 32. Nc3
{[%clk 00:47:14]} {[%emt 00:00:36]} Nc2 {[%clk 00:04:31]} {[%emt 00:04:03]} 33.
Kf2 {[%clk 00:46:58]} {[%emt 00:00:45]} Ke6 {[%clk 00:04:27]} {[%emt 00:00:35]}
34. Rd2 {[%clk 00:46:21]} {[%emt 00:01:06]} Nb4 {[%clk 00:04:32]} {[%emt
00:00:26]} 35. a3 {[%clk 00:46:26]} {[%emt 00:00:26]} Nc6 {[%clk 00:04:20]}
{[%emt 00:00:42]} 36. Nb5 {[%clk 00:45:50]} {[%emt 00:01:05]} Rf7 {[%clk
00:02:49]} {[%emt 00:02:02]} 37. Nd6 {[%clk 00:44:01]} {[%emt 00:02:19]} Rd7
{[%clk 00:02:12]} {[%emt 00:01:07]} 38. Nc4 {[%clk 00:43:39]} {[%emt 00:00:51]}
Rxd2+ {[%clk 00:02:29]} {[%emt 00:00:13]} 39. Nxd2 {[%clk 00:44:05]} {[%emt
00:00:04]} Kd5 {[%clk 00:02:33]} {[%emt 00:00:26]} 40. Ke3 {[%clk 00:44:30]}
{[%emt 00:00:04]} Ne5 {[%clk 00:01:40]} {[%emt 00:01:24]} 41. b3 {[%clk
00:43:29]} {[%emt 00:01:31]} Nd7 {[%clk 00:25:40]} {[%emt 00:06:30]} 42. Ne4
{[%clk 01:12:41]} {[%emt 00:01:16]} h6 {[%clk 00:23:02]} {[%emt 00:03:10]} 43.
f4 {[%clk 01:09:00]} {[%emt 00:04:10]} b5 {[%clk 00:21:59]} {[%emt 00:01:34]}
44. g3 {[%clk 01:07:47]} {[%emt 00:01:42]} b6 {[%clk 00:21:42]} {[%emt
00:00:48]} 45. Kd3 {[%clk 01:08:07]} {[%emt 00:00:09]} h5 {[%clk 00:19:11]}
{[%emt 00:03:02]} 46. h3 {[%clk 01:05:37]} {[%emt 00:02:59]} Nf8 {[%clk
00:12:42]} {[%emt 00:07:00]} 47. Nc3+ {[%clk 01:05:26]} {[%emt 00:00:40]} Kc6
{[%clk 00:11:08]} {[%emt 00:02:05]} 48. b4 {[%clk 01:03:54]} {[%emt 00:02:03]}
Nd7 {[%clk 00:06:50]} {[%emt 00:04:46]} 49. Ke4 {[%clk 01:03:11]} {[%emt
00:01:13]} h4 {[%clk 00:07:13]} {[%emt 00:00:08]} 50. gxh4 {[%clk 01:02:55]}
{[%emt 00:00:45]} Nf6+ {[%clk 00:07:35]} {[%emt 00:00:09]} 51. Ke5 {[%clk
01:02:50]} {[%emt 00:00:35]} Nh5 {[%clk 00:07:59]} {[%emt 00:00:06]} 52. f5
{[%clk 01:02:21]} {[%emt 00:01:00]} gxf5 {[%clk 00:08:17]} {[%emt 00:00:12]}
53. Kxf5 {[%clk 01:02:45]} {[%emt 00:00:06]} Kd6 {[%clk 00:08:38]} {[%emt
00:00:10]} 54. Kg5 {[%clk 01:02:46]} {[%emt 00:00:28]} Ng7 {[%clk 00:08:45]}
{[%emt 00:00:23]} 55. h5 {[%clk 01:01:54]} {[%emt 00:01:22]} Ke5 {[%clk
00:08:49]} {[%emt 00:00:27]} 56. Nxb5 {[%clk 01:01:27]} {[%emt 00:00:57]} Ne6
{[%clk 00:08:33]} {[%emt 00:00:46]} 57. Kg4 {[%clk 01:01:02]} {[%emt 00:00:55]}
Kd5 {[%clk 00:08:12]} {[%emt 00:00:51]} 58. h6 {[%clk 01:01:09]} {[%emt
00:00:22]} Nf8 {[%clk 00:08:39]} {[%emt 00:00:04]} 59. Kf5 {[%clk 01:01:09]}
{[%emt 00:00:30]} Kc4 {[%clk 00:09:04]} {[%emt 00:00:05]} 60. Nd6+ {[%clk
01:01:11]} {[%emt 00:00:28]} Kb3 {[%clk 00:08:28]} {[%emt 00:01:07]} 61. Kf6
{[%clk 01:00:53]} {[%emt 00:00:48]} Kxa3 {[%clk 00:08:46]} {[%emt 00:00:12]}
62. Nc4+ {[%clk 01:01:18]} {[%emt 00:00:05]} Kxb4 {[%clk 00:09:10]} {[%emt
00:00:06]} 63. Nxb6 {[%clk 01:01:39]} {[%emt 00:00:09]} Kc5 {[%clk 00:09:15]}
{[%emt 00:00:26]} 64. Kf7 {[%clk 01:01:35]} {[%emt 00:00:34]} Nh7 {[%clk
00:09:40]} {[%emt 00:00:05]} 65. Kg7 {[%clk 01:01:22]} {[%emt 00:00:43]} Ng5
{[%clk 00:10:05]} {[%emt 00:00:05]} 66. h4 {[%clk 01:01:31]} {[%emt 00:00:22]}
Ne6+ {[%clk 00:10:16]} {[%emt 00:00:20]} 67. Kf6 {[%clk 01:01:51]} {[%emt
00:00:10]} Nf8 {[%clk 00:10:39]} {[%emt 00:00:06]} 68. Kf7 {[%clk 01:02:15]}
{[%emt 00:00:06]} Nh7 {[%clk 00:11:04]} {[%emt 00:00:05]} 69. Kg7 {[%clk
01:02:39]} {[%emt 00:00:05]} 1-0

[Event "DVM U20 2020"]
[Site "Willingen GER"]
[Date "2021.06.25"]
[Round "3"]
[White "Burian, Simon"]
[Black "Krastev, Alexander"]
[Result "1/2-1/2"]
[Termination "normal"]
[Board "6.1"]
[BlackTitle "FM"]
[WhiteElo "2106"]
[BlackElo "2355"]
[WhiteClock "00:11:22"]
[BlackClock "00:14:17"]
[WhiteTeam "Schachklub König Plauen"]
[BlackTeam "Biebertaler Schachfreunde"]
[PlyCount "53"]
[WhiteFideId "12956902"]
[BlackFideId "12989983"]
[EventCountry "GER"]
[EventRounds "7"]
[EventType "team-swiss"]
[EventDate "2021.06.23"]

1. e4 {[%clk 01:30:58]} {[%emt 00:00:01]} c5 {[%clk 01:30:49]} {[%emt
00:00:12]} 2. Nf3 {[%clk 01:31:23]} {[%emt 00:00:05]} d6 {[%clk 01:31:12]}
{[%emt 00:00:06]} 3. d4 {[%clk 01:31:42]} {[%emt 00:00:11]} cxd4 {[%clk
01:31:37]} {[%emt 00:00:05]} 4. Nxd4 {[%clk 01:32:07]} {[%emt 00:00:05]} Nf6
{[%clk 01:32:03]} {[%emt 00:00:04]} 5. f3 {[%clk 01:31:57]} {[%emt 00:00:41]}
e5 {[%clk 01:29:45]} {[%emt 00:02:47]} 6. Nb3 {[%clk 01:32:22]} {[%emt
00:00:06]} d5 {[%clk 01:30:12]} {[%emt 00:00:03]} 7. Bg5 {[%clk 01:32:46]}
{[%emt 00:00:06]} d4 {[%clk 01:23:44]} {[%emt 00:06:59]} 8. c3 {[%clk
01:32:50]} {[%emt 00:00:24]} Nc6 {[%clk 01:19:33]} {[%emt 00:04:41]} 9. Bb5
{[%clk 01:32:40]} {[%emt 00:00:40]} Qb6 {[%clk 01:01:46]} {[%emt 00:18:17]} 10.
Bxc6+ {[%clk 01:32:22]} {[%emt 00:00:48]} bxc6 {[%clk 01:01:38]} {[%emt
00:00:37]} 11. cxd4 {[%clk 01:30:45]} {[%emt 00:02:08]} h6 {[%clk 01:00:51]}
{[%emt 00:01:18]} 12. Be3 {[%clk 01:17:11]} {[%emt 00:14:04]} Ba6 {[%clk
01:00:04]} {[%emt 00:01:16]} 13. Kf2 {[%clk 01:08:44]} {[%emt 00:08:57]} exd4
{[%clk 00:34:25]} {[%emt 00:26:09]} 14. Qxd4 {[%clk 00:59:29]} {[%emt
00:09:45]} Nd7 {[%clk 00:32:47]} {[%emt 00:02:08]} 15. Rd1 {[%clk 00:52:17]}
{[%emt 00:07:42]} Qxd4 {[%clk 00:32:29]} {[%emt 00:00:48]} 16. Nxd4 {[%clk
00:51:13]} {[%emt 00:01:35]} Ne5 {[%clk 00:32:01]} {[%emt 00:00:58]} 17. b3
{[%clk 00:47:11]} {[%emt 00:04:32]} Rd8 {[%clk 00:30:09]} {[%emt 00:02:21]} 18.
Nc3 {[%clk 00:40:29]} {[%emt 00:07:12]} Ba3 {[%clk 00:30:30]} {[%emt 00:00:09]}
19. Na4 {[%clk 00:37:45]} {[%emt 00:03:13]} O-O {[%clk 00:25:13]} {[%emt
00:05:47]} 20. Nc2 {[%clk 00:36:18]} {[%emt 00:01:58]} Bd6 {[%clk 00:25:34]}
{[%emt 00:00:10]} 21. Ne1 {[%clk 00:30:36]} {[%emt 00:06:12]} f5 {[%clk
00:21:14]} {[%emt 00:04:50]} 22. exf5 {[%clk 00:28:37]} {[%emt 00:02:29]} Rxf5
{[%clk 00:21:42]} {[%emt 00:00:02]} 23. h3 {[%clk 00:27:56]} {[%emt 00:01:10]}
Nf7 {[%clk 00:21:15]} {[%emt 00:00:57]} 24. Rac1 {[%clk 00:22:58]} {[%emt
00:05:28]} Bb5 {[%clk 00:17:40]} {[%emt 00:04:06]} 25. Nc5 {[%clk 00:20:23]}
{[%emt 00:03:04]} Re8 {[%clk 00:16:09]} {[%emt 00:02:01]} 26. Ned3 {[%clk
00:16:44]} {[%emt 00:04:09]} Ng5 {[%clk 00:14:17]} {[%emt 00:02:22]} 27. h4
{[%clk 00:11:22]} {[%emt 00:05:52]} 1/2-1/2